Podpora pre analyzovanie problémov v počítačových sieťach

Guardado en:
Detalles Bibliográficos
Autor principal: Fillo, Peter (Autor)
Otros Autores: Bernát, Dušan, 1977- (Orientador)
Formato: Manuscrito Libro
Lenguaje:eslovaco
Publicado: STU v Bratislave FIIT, 2008
Materias:
Etiquetas: Agregar Etiqueta
Sin Etiquetas, Sea el primero en etiquetar este registro!

MARC

LEADER 00000ntm a22000003a 4500
001 stu166260
005 20180412132334.3
008 080702s2008----xo------------------slo-d
040 |a STU  |b slo 
041 0 |a slo 
044 |a xo 
100 1 |a Fillo, Peter  |4 aut 
245 1 |a Podpora pre analyzovanie problémov v počítačových sieťach 
260 |b STU v Bratislave FIIT,  |c 2008 
300 |a 72 s  |c príl. 
650 7 |a počítačové inžinierstvo  |2 stusub 
700 1 |a Bernát, Dušan,  |d 1977-  |4 ths  |u I100  |U FIIT Fakulta informatiky a informačných technológií  |T FIIT Ústav počítačových systémov a sietí  |X 1887  |U I100  |Y 178  |7 1887 
996 |c I*DP14/08  |l II680  |s P  |a 0  |w stu166260_0001